[Event "9th HDBank Open 2019"]
[Site "Ho Chi Minh City"]
[Date "2019.03.13"]
[Round "9.16"]
[White "Vo, Thanh Ninh"]
[Black "Mendonca, Leon Luke"]
[Result "1/2-1/2"]
[WhiteElo "2358"]
[BlackElo "2446"]
[Annotator "TA"]
[PlyCount "167"]
[EventDate "2019.03.07"]
[EventType "swiss"]
[EventCountry "VIE"]
[SourceTitle "playchess.com"]
[Source "ChessBase"]
[SourceQuality "1"]

{[%evp 19,167,21,22,30,30,31,28,32,27,0,8,-25,-22,-22,-23,-54,-50,-59,-41,-37,-41,-40,-40,-40,-40,-39,-42,-48,-37,-39,-42,-37,-52,-68,-62,-72,-55,-50,-51,-50,-60,-98,-103,-103,-92,-108,-108,-108,-101,-101,-101,-108,-112,-107,-100,-127,-127,-141,-126,-154,-147,-147,-139,-149,-149,-153,-139,-149,-145,-154,-154,-154,-154,-154,-154,-153,-152,-154,-152,-154,-154,-152,-154,-177,-150,-162,-145,-154,-154,-154,-143,-154,-154,-153,-147,-152,-153,-194,-191,-160,-116,-116,-116,-120,-120,-120,-27,-116,-95,-106,-95,-95,-95,-95,-69,-69,-69,-69,-69,-95,-61,-110,-110,-110,-110,-110,0,0,0,-110,-110,-110,-110,-110,-110,-110,-110,-162,-162,-162,-162,-162,-162,-162,-162,-162,-162,-162,-162,-162]} 1. g3 g6 2. Bg2 Bg7 3. c4 Nf6 4. Nc3 O-O 5. d3 c5 6. e4 Nc6 7. Nge2 Ne8 8. Be3 Nd4 9. O-O Nc7 10. Rb1 d6 11. b4 {A36: Symmetrical English vs ...g6: 4 Bg2 Bg7} Rb8 (11... Nce6 12. bxc5 dxc5 13. f4 Nxe2+ 14. Nxe2 b6 15. e5 Rb8 16. g4 Bb7 17. Bxb7 Rxb7 18. f5 Nc7 {1-0 (58) Vachier Lagrave,M (2789)-Zhao,J (2604) Riadh 2017}) 12. Qd2 Bg4 13. f3 {White has an edge.} Bd7 {[#]} 14. Bf2 $146 (14. a4 {feels hotter.} b6 15. f4 a6 16. b5 e6 17. Qd1) ({Predecessor:} 14. f4 b5 15. bxc5 dxc5 16. e5 Bg4 17. Bxd4 Bxe2 18. Nxe2 cxd4 19. Qa5 a6 20. cxb5 Nxb5 21. Qxa6 Nc3 22. Nxc3 dxc3 23. Qc4 {½-½ (23) Solak,D (2582)-Sundararajan,K (2491) Dubai 2005}) 14... b5 15. cxb5 Ncxb5 16. Nxb5 Bxb5 17. Nxd4 cxd4 18. Rfc1 Qb6 19. Ra1 Ba4 20. Rc4 Rfc8 {[#] ...Rxc4 is the strong threat.} 21. Rac1 Rxc4 22. Rxc4 Bb5 23. Rc2 Qa6 24. Bf1 Rc8 25. Rxc8+ Qxc8 26. Be1 Qc3 27. Qd1 Qb2 28. a4 Bd7 29. Bd2 h5 30. b5 Qa2 31. Bg5 Bf6 32. Bd2 Be6 33. a5 Qb2 34. b6 axb6 35. axb6 Qxb6 36. Qc1 Qb5 37. Be2 d5 38. exd5 Qxd5 39. h4 Qe5 40. Kf2 Qb5 41. Bf4 Bf5 42. Qd2 Kh7 43. Qc2 Kg7 44. Kg2 Be6 45. Qc1 Qf5 46. Kf2 Bd7 47. Bh6+ Kh7 {Hoping for ...Qh3.} 48. Bd2 Bc8 49. Qa1 Bb7 50. Qa7 Bc6 51. Qa1 Kg7 52. Qc1 Bb7 53. Bh6+ Kh7 54. Bd2 Qh3 55. Qf1 Qd7 56. Qc1 Qf5 57. Qb1 Bd5 58. Qb5 Be5 {And now ...Qh3 would win.} 59. f4 e6 {Threatens to win with ...Qh3.} 60. Bf3 Bxf3 61. Kxf3 Qg4+ 62. Kf2 Bf6 (62... Qd1 $17 63. Qxe5 Qxd2+ {[%mdl 64] Double Attack} 64. Qe2 Qxe2+ 65. Kxe2 Kg7) 63. Qb1 (63. Qe8 $11) 63... e5 64. Qh1 Kg7 65. Qf3 Qh3 66. Qe4 Qh2+ (66... Qe6 {looks sharper.} 67. Ke2 Qg4+ 68. Kf2 Qd1 69. Qe2 Qxe2+ 70. Kxe2 exf4 71. Bxf4 Kf8) 67. Qg2 Qxg2+ 68. Kxg2 $15 {[%mdl 4096] Endgame KB-KB} Kf8 69. Kf3 Ke7 70. Ke4 Ke6 71. fxe5 Bxe5 72. Be1 Kd6 73. Bb4+ $1 Ke6 74. Be1 $1 f6 75. Bf2 f5+ 76. Kf3 Kd5 77. Be1 Kc5 78. Bd2 (78. Ke2 $17 {was worth a try.}) 78... Kb5 $19 {Black is clearly better.} 79. Be1 {[#]} Ka4 $1 80. Ke2 Kb3 81. Kd1 Bd6 82. Ke2 Kc2 83. Bf2 Be5 84. Be1 {Accuracy: White = 53%, Black = 70%.} 1/2-1/2

[Event "9th HDBank Open 2019"]
[Site "Ho Chi Minh City"]
[Date "2019.03.13"]
[Round "9.17"]
[White "Wang, Shixu B"]
[Black "Chen, Qi B"]
[Result "1/2-1/2"]
[WhiteElo "2362"]
[BlackElo "2443"]
[Annotator "TA"]
[PlyCount "58"]
[EventDate "2019.03.07"]
[EventType "swiss"]
[EventCountry "VIE"]
[SourceTitle "playchess.com"]
[Source "ChessBase"]
[SourceQuality "1"]

{[%evp 12,58,23,14,16,0,20,22,10,11,15,15,22,16,16,0,6,0,12,0,-2,0,0,-12,0,-9,0,0,0,0,54,62,64,57,66,79,62,54,41,47,88,79,166,166,170,91,91,103,101]} 1. d4 Nf6 2. c4 e6 3. Nf3 d5 4. Nc3 c6 5. Bg5 Nbd7 6. cxd5 exd5 7. e3 h6 {D35: Queen's Gambit Declined: Exchange Variation} (7... Be7 8. Bd3 O-O 9. Qc2 Re8 10. O-O Nf8 11. h3 g6 12. Bf4 Ne6 13. Bh2 Ng7 14. Qb3 Qb6 15. Nd2 Bf5 16. Be2 h5 17. Rfc1 Ne6 18. a3 h4 19. Na4 Qxb3 20. Nxb3 a5 21. Nd2 {½-½ (36) Wang,H (2722)-Naiditsch,A (2721) Douglas 2018}) 8. Bf4 g5 9. Bg3 Nh5 {The position is equal.} 10. Bd3 Nxg3 11. hxg3 Bg7 12. Qc2 Nb6 13. a4 a5 14. Rd1 $146 ({Predecessor:} 14. Ne5) 14... Qe7 15. O-O O-O 16. Rfe1 f5 17. Na2 {[%cal Bc3a2,Ba2c1,Bc1b3,Bb3c5][%mdl 32]} Be6 18. Nc1 Nc8 19. Ne5 Qc7 20. Nb3 $36 {[%mdl 2048] Strongly threatening Nc5. White is pushing.} Bxe5 ({Black should play} 20... Ne7 $11) 21. Nc5 $14 Qf7 {Hoping for ...Bb8.} 22. dxe5 b6 $1 {[%cal Rb6c5]} 23. Nxe6 Qxe6 24. f4 Ne7 25. Kf2 Kg7 26. Rh1 g4 {[#]} (26... Rad8 $16) 27. Rh5 $1 $18 Rf7 {[#]} 28. Rdh1 (28. Qb3 $1 $18) 28... Rh8 $16 29. Qb3 c5 {Accuracy: White = 71%, Black = 70%.} 1/2-1/2

[Event "9th HDBank Open 2019"]
[Site "Ho Chi Minh City"]
[Date "2019.03.13"]
[Round "9.18"]
[White "Mithil, Ajgaonkar"]
[Black "Li, Yankai"]
[Result "1/2-1/2"]
[WhiteElo "2332"]
[BlackElo "2434"]
[Annotator "TA"]
[PlyCount "147"]
[EventDate "2019.03.07"]
[EventType "swiss"]
[EventCountry "VIE"]
[SourceTitle "playchess.com"]
[Source "ChessBase"]
[SourceQuality "1"]

{[%evp 27,147,6,18,0,10,-8,0,0,9,-13,0,-27,-17,-18,-6,-24,-24,-24,-26,-33,-27,-33,-16,-25,-16,-20,-6,-20,-9,-13,-9,-15,-15,-16,-15,-15,-15,-43,-23,-39,-29,-20,-21,-34,-10,-18,-15,-22,-14,-20,-20,-25,-24,-54,-54,-54,-54,-55,-55,-70,-34,-34,-34,-53,-20,-45,-20,-20,-13,-31,-20,-21,-21,-32,-16,-95,-95,-105,-85,-95,-85,-95,-85,-95,-85,-86,-85,-85,-85,-95,-19,-85,-85,-85,-85,-85,0,-95,-95,-112,-61,-120,-66,-120,-61,-120,-31,-120,-61,-112,-112,-112,-112,-112,-112,-112,-112,-112,0,-112,-95,-95]} 1. d4 Nf6 2. c4 g6 3. g3 c6 4. Bg2 d5 5. cxd5 cxd5 6. Nf3 Bg7 7. O-O O-O 8. Ne5 Ne4 9. Nd2 Nf6 10. Nb1 e6 11. Nc3 Nfd7 12. f4 Nc6 13. Be3 Nb6 14. b3 Bd7 15. Kh1 {D79: Fianchetto Grünfeld: Symmetrical Variation (6 0-0 c6 7 cxd5 cxd5)} Qe7 {[#]} 16. Rc1 $146 ({Predecessor:} 16. Bf2 Rfc8 17. Rc1 Be8 18. e3 Rc7 19. Nd3 Nb4 20. Nc5 Na6 21. Nxa6 bxa6 {½-½ (85) Romanishin,O (2590)-Eriksson,M (2365) Malmo 1993}) 16... Rac8 17. Qd2 {The position is equal.} Rfd8 18. Nd1 Be8 19. Nf2 f6 20. Ned3 Nd7 21. Nc5 Nxc5 22. Rxc5 b6 23. Rcc1 Qa3 24. Nd3 a5 25. Rc2 Qd6 26. Rfc1 Ne7 27. Bf2 Rxc2 28. Rxc2 Rc8 29. Rxc8 Nxc8 30. Qc2 Qc6 31. Qxc6 Bxc6 32. Kg1 Bf8 33. Kf1 Nd6 34. Ke1 Ne4 35. Be3 h5 36. Bd2 Kf7 37. Nf2 Nd6 38. Bc3 Nb5 39. Kd2 {[#]} e5 $1 {[%mdl 512]} 40. e3 (40. dxe5 Nxc3) 40... Nxc3 41. Kxc3 $15 {[%mdl 4096] Endgame KBB-KBN} e4 42. Bf1 b5 43. Kc2 Bd6 44. Nd1 b4 45. Be2 Kg7 46. Nf2 Kh6 47. Kd2 Bd7 48. Ke1 g5 49. Kd2 Kg6 50. Ke1 a4 {[%cal Ba5a4,Ba4a3][%mdl 32]} 51. Kd2 (51. bxa4 $11 {keeps the balance.} Bxa4 52. Bd1) 51... a3 $17 52. Ke1 h4 53. Kd2 Bc7 54. Kd1 Bc6 55. Kd2 Bb6 56. Kc2 Be8 57. Kd2 Bc7 58. Kc2 Kh6 (58... f5 $17) 59. Ng4+ (59. Bg4 $11 {remains equal.}) 59... Kg7 60. Nf2 Kg6 61. Kd2 Bd7 (61... Bd6 $17) 62. Kc2 (62. Kd1 $1 $11) 62... f5 63. Kd2 g4 (63... hxg3 $17 64. hxg3 g4) 64. Ke1 (64. gxh4 $15 Bd8 65. h5+ Kxh5 66. Ba6) 64... Kh5 (64... h3 $17 65. Kd1 Kf6) 65. Nh1 ({White should play} 65. gxh4 $15 Ba4 66. Bd1 (66. bxa4 $2 b3 $19)) 65... Bd8 (65... h3 $1 $17 66. Nf2 Kh6) 66. Kd2 (66. gxh4 $1 $15 Bxh4+ 67. Ng3+ Kh6 68. Kf1) 66... Be8 (66... h3 $1 $17 67. Ba6 Kg6) 67. Ke1 {[#]} (67. gxh4 $15 Bxh4 68. Ng3+ Kg6 69. Ba6) 67... hxg3 (67... Ba4 $1 $17 {[%mdl 512]} 68. Bd1 (68. bxa4 $2 b3 $19) 68... Bd7) 68. hxg3 {[#]} ({Better is} 68. Nxg3+ $15 Kg6 69. Bd1) 68... Ba4 $1 {[%mdl 512] White must now prevent ...Bxb3!} 69. Bd1 ({Don't blunder} 69. bxa4 $2 {[#]} b3 $1 $19 {[%mdl 512]}) 69... Bb5 70. Be2 {[#]} Bc4 $1 {[%mdl 512] Strongly threatening ...Bxb3!} 71. Bd1 (71. bxc4 b3) 71... Bd3 72. Be2 Bc4 {Hoping for ...Bxb3!} 73. Bd1 $1 Ba6 74. Be2 {Accuracy: White = 35%, Black = 33%.} 1/2-1/2

[Event "9th HDBank Open 2019"]
[Site "Ho Chi Minh City"]
[Date "2019.03.13"]
[Round "9.19"]
[White "Laxman, R.R."]
[Black "Quizon, Daniel"]
[Result "0-1"]
[WhiteElo "2425"]
[BlackElo "2268"]
[Annotator "TA"]
[PlyCount "128"]
[EventDate "2019.03.07"]
[EventType "swiss"]
[EventCountry "VIE"]
[SourceTitle "playchess.com"]
[Source "ChessBase"]
[SourceQuality "1"]

{[%evp 22,128,0,0,19,23,62,57,58,60,60,53,63,66,75,77,75,67,78,58,68,69,99,95,74,93,90,74,106,93,99,93,92,89,110,111,116,64,111,110,109,93,103,95,102,16,97,101,105,71,73,61,62,80,75,73,62,45,59,45,69,58,89,74,117,110,175,164,168,193,146,0,0,0,0,0,0,-147,-147,-173,-163,-244,-260,-251,-250,-324,-324,-409,-384,-556,-564,-461,-329,-312,-326,-679,-644,-720,-659,-757,-762,-702,-685,-1570,-1502,-2301,-1736,-2055,-1504]} 1. d4 Nf6 2. Nf3 g6 3. g3 Bg7 4. c4 O-O 5. Bg2 d6 6. O-O c5 7. b3 Nc6 8. Bb2 Ne4 9. e3 Bg4 10. Qc2 Bf5 (10... Bxf3 11. Bxf3 Ng5 12. Bxc6 bxc6 13. dxc5 Bxb2 14. Qxb2 dxc5 15. Nc3 Qd3 16. Rad1 Qf5 17. Qe2 Rad8 18. h4 Ne4 19. Nxe4 Qxe4 20. Rxd8 Rxd8 21. Rd1 {½-½ (21) Tomashevsky,E (2710)-Yuffa,D (2527) Sochi 2017}) 11. Qe2 Bg4 12. Qc2 Bf5 {[#] And now ...Nxg3! would win. E60: King's Indian: Unusual lines and Fianchetto Variation without Nc3} 13. Qc1 cxd4 14. Nxd4 Nxd4 {White is slightly better.} 15. Bxd4 $146 ({Predecessor:} 15. exd4 d5 16. cxd5 Rc8 17. Qe3 Rc2 18. Bxe4 Bxe4 19. Qxe4 Rxb2 20. Na3 {½-½ (60) Collins,S (2452)-Poghosyan,S (2251) Dublin 2018}) 15... e5 16. Bb2 $1 {Black must now prevent g4!} Nc5 17. Qd2 Qb6 18. Nc3 Be6 19. Rfd1 Rfd8 20. Rac1 a5 21. Ba3 Rac8 22. Nd5 Bxd5 23. Qxd5 Rb8 24. h4 Bf6 25. h5 Qc7 26. Qf3 Qe7 27. Qg4 b6 28. Bd5 {Threatens to win with hxg6.} Kg7 29. e4 (29. Kg2 $16) 29... Rf8 30. Rc3 h6 31. Kg2 Bg5 32. Rf3 Rbd8 33. Bc6 (33. Bb2 $16) 33... Ne6 (33... Qc7 $11 {keeps the balance.} 34. Bd5 Qc8 35. Qxc8 Rxc8) 34. Bb2 $16 Nc5 35. hxg6 fxg6 36. Rxf8 Rxf8 37. f4 Bf6 38. f5 $36 {[%mdl 2048] White is in control.} Bg5 39. Qf3 Qf6 40. Rf1 Qe7 41. Bd5 Rf6 42. a3 {[%cal Ba2a3,Ba3b4][%mdl 32]} Qc7 43. b4 axb4 (43... Nd7 $16 {is a better defense.} 44. Qd3 gxf5) 44. axb4 $18 Nd7 45. Ra1 Rf8 46. Qa3 (46. Ra6 $16 {Hoping for Qa3.} Kh8 47. Qa3 gxf5 48. exf5) 46... Nf6 $11 47. Qd3 gxf5 48. exf5 Nxd5 49. cxd5 (49. Qxd5 $11 {was the only way to keep the balance.} Rxf5 50. Bd4) 49... Rc8 $17 50. Kf3 Qc2 51. Ra7+ (51. Qxc2 $142 Rxc2 52. Ra2) 51... Kf6 $19 52. Qxc2 Rxc2 {[%mdl 4096] Endgame KRB-KRB} 53. Ba1 h5 ({Inferior is} 53... Kxf5 54. g4+ Kf6 55. Rd7 $11) 54. Ke4 Rc1 55. Bb2 (55. Ra8 $142) 55... Rc4+ 56. Kd3 Rxb4 57. Bc3 Rg4 58. Rd7 $2 {[#]} (58. Be1) 58... Rxg3+ {Black is clearly winning.} 59. Kc4 Kxf5 60. Bb4 Rg4+ 61. Kb5 Rd4 62. Bxd6 Rxd5+ 63. Kxb6 Ke6 64. Kc7 Rd2 {Accuracy: White = 49%, Black = 60%.} 0-1

[Event "9th HDBank Open 2019"]
[Site "Ho Chi Minh City"]
[Date "2019.03.13"]
[Round "9.20"]
[White "Navalgund, Niranjan"]
[Black "Pichot, Alan"]
[Result "0-1"]
[WhiteElo "2378"]
[BlackElo "2584"]
[Annotator "TA"]
[PlyCount "154"]
[EventDate "2019.03.07"]
[EventType "swiss"]
[EventCountry "VIE"]
[SourceTitle "playchess.com"]
[Source "ChessBase"]
[SourceQuality "1"]

{[%evp 10,154,42,18,10,10,50,52,54,44,45,40,97,75,99,91,109,95,126,47,84,30,35,19,13,0,11,0,-3,-204,-206,-196,-179,-202,-200,-182,-75,-76,-64,-179,-174,-220,-230,-500,-500,-499,-499,-471,-459,-2567,-2247,-5285,-5273,-1449,-239,-224,-109,-109,-123,-179,-178,-195,-153,-197,-148,-148,0,0,0,0,0,0,0,0,0,0,0,0,0,0,0,0,0,0,0,0,0,0,0,0,0,0,0,0,0,0,0,0,0,0,0,0,0,0,0,0,0,0,0,0,0,0,0,0,0,-292,-276,-271,-238,-689,-831,-29972,-382,-354,-261,-762,-728,-721,-721,-474,-354,-29978,-29979,-29978,-29980,-29979,-29980,-29984,-29985,-29994,-29995,-29996,-29996,-29996,-29997,-29997,-29998]} 1. d4 e6 2. c4 b6 3. e4 Bb7 4. Bd3 Nc6 5. Nf3 Nb4 6. Nc3 Nxd3+ {A40: Unusual replies to 1 d4} 7. Qxd3 g6 $146 ({Predecessor:} 7... Ne7 8. d5 h6 9. Be3 d6 10. O-O-O Qd7 11. Kb1 Ng6 12. h4 Be7 13. dxe6 fxe6 14. e5 {1-0 (32) Khismatullin,D (2647)-Savchenko,B (2571) Khanty-Mansiysk 2012}) 8. Bg5 f6 {White is slightly better.} 9. Bd2 Bg7 10. h4 h6 ({Better is} 10... Nh6 $14) 11. e5 f5 12. d5 a6 13. O-O-O b5 14. cxb5 (14. Qe2 $16) 14... Ne7 $14 {[%cal Re7d5]} 15. dxe6 (15. bxa6 $16 Bxa6 16. Qc2) 15... dxe6 $11 16. Qc4 Qc8 17. h5 {Black should prevent Nd4.} g5 18. Be3 Kf7 19. Bxg5 $2 (19. bxa6 $11 Bxa6 20. Qd4) 19... Bxf3 $1 $19 20. Bxe7 Bxd1 21. Bf6 Bxf6 22. exf6 Rd8 ({Inferior is} 22... Kxf6 23. Rxd1 axb5 24. Qf4 $11) (22... Bg4 $19 23. f3 Bxh5 $1 {[%mdl 512]} 24. Rxh5 axb5 25. Nxb5 Qd7) 23. Qf4 $17 Rd6 $1 24. b6 ({White should try} 24. bxa6 $15 Qh8 25. Qc4 Raxa6 26. Qxc7+ Kxf6 27. Rxd1) 24... Qg8 $1 $19 25. Qc4 Kxf6 26. Qxc7 $2 (26. b7 Rad8 27. Rxd1) 26... Rad8 27. b7 Qg5+ {[%mdl 64] Double Attack} 28. Kb1 Qxg2 {[%mdl 64] Double Attack} 29. Rxd1 (29. b8=Q $142 Rxb8 30. Qxd6 Qxh1 31. Nxd1) 29... Rxd1+ 30. Nxd1 Rxd1+ 31. Kc2 Qf3 $2 (31... Rd4 32. b3 Qxf2+ 33. Kc1 Qd2+ 34. Kb1 Re4) 32. Qc4 Qxf2+ ({Resist} 32... Qxb7 33. Kxd1 Qxb2 34. f4 $17) (32... Rd6 $1 $19 {and Black stays clearly on top.} 33. b8=Q Qxf2+ 34. Kb3 Rb6+ 35. Qxb6 Qxb6+ 36. Kc2 Kg5) 33. Kxd1 {[%mdl 4096] Endgame KQ-KQ} Qf3+ 34. Kc2 (34. Ke1 $17 Qxb7 35. Qd4+ Kf7 36. a4) 34... Qxb7 35. Qd4+ Kf7 36. Qe3 Qc8+ 37. Kb1 Qh8 (37... Qd7 $17 {Hoping for ...Qd1+.} 38. a3 Qd1+ {[%mdl 64] Double Attack} 39. Ka2 Qxh5 40. Qa7+ Kf6 41. Qd4+ Kg6) 38. Qa7+ $11 {[%mdl 64] Double Attack} Kf6 {White must now prevent ...Qe8.} 39. Qd4+ e5 40. Qh4+ Ke6 {aiming for ...Qc8.} 41. Qc4+ Ke7 42. Qb4+ Kf7 43. Qc4+ Kf6 44. Qh4+ Ke6 45. Qc4+ Kd6 46. Qxa6+ Kc5 47. Qa7+ Kd5 48. Qb7+ Kd4 49. Qb4+ Ke3 50. Qe1+ Kf3 51. Qd1+ Kf4 52. a4 Qa8 53. Qd2+ Kf3 {And now ...Qe4+ would win.} 54. Qc3+ Ke4 55. Qc2+ Kf4 56. Qd2+ Kf3 57. Qc3+ Kg4 58. Qxe5 f4 59. Qe6+ Kg3 60. Qg6+ Kf2 61. Qxh6 Qe4+ 62. Kc1 $2 {[%mdl 8192] [#]} (62. Ka1 $11) 62... f3 $1 $19 {Threatens to win with ...Qe3+.} 63. Qd2+ Kg1 64. Qg5+ $2 {[#]} (64. Qd1+ Kg2 65. h6) 64... Kh1 $1 65. Qg3 Qe3+ $2 (65... Qf5 {mates} 66. Qf2 Qg5+ 67. Kc2 Qg2 68. Qxg2+ fxg2 69. b4 g1=Q 70. Kc3 Qe3+ 71. Kc4 Qe2+ 72. Kc5 Qxh5+ 73. Kb6 Qh6+ 74. Kb7 Qg7+ 75. Kc6 Qd4 76. Kb5 Kg2 77. a5 Kf3 78. a6 Ke4 79. Kc6 Qc4+ {[%mdl 64] Double Attack} 80. Kd6 Qxb4+ 81. Kc7 Qa5+ 82. Kc6 Qxa6+ 83. Kc5 Ke5 84. Kb4 Kd4 85. Kb3 Qe2 86. Kb4 Qb2+ 87. Ka4 Kc5 88. Ka5 Qb5#) 66. Kc2 Qe2+ 67. Kb3 $2 (67. Kc3 f2 68. Qh3+ Kg1 69. Qg3+ Kf1 70. Qg5) 67... f2 68. Qh3+ Kg1 69. Qg3+ Kf1 70. Qh3+ $2 (70. h6 $19 Qe6+ 71. Kc3) 70... Ke1 {Black mates.} 71. Qc3+ Kd1 72. Qd4+ Kc1 73. Qc3+ Kb1 74. h6 f1=Q 75. h7 Qf7+ 76. Kb4 Qe4+ 77. Kb5 Qfb7+ {Accuracy: White = 51%, Black = 70%.} 0-1

[Event "9th HDBank Open 2019"]
[Site "Ho Chi Minh City"]
[Date "2019.03.13"]
[Round "9.21"]
[White "Chanda, Sandipan"]
[Black "Zou, Chen"]
[Result "1/2-1/2"]
[WhiteElo "2534"]
[BlackElo "2397"]
[Annotator "TA"]
[PlyCount "159"]
[EventDate "2019.03.07"]
[EventType "swiss"]
[EventCountry "VIE"]
[SourceTitle "playchess.com"]
[Source "ChessBase"]
[SourceQuality "1"]

{[%evp 16,159,25,20,48,49,56,49,68,40,79,51,43,47,38,42,26,39,31,30,44,44,50,43,92,83,95,95,92,90,83,89,94,56,98,80,99,101,108,0,0,0,0,0,0,0,0,0,0,0,0,0,0,0,0,0,0,0,8,8,8,14,15,18,28,0,0,0,0,0,0,0,0,0,0,0,0,-9,0,0,0,0,-8,-8,0,0,0,0,0,0,0,0,0,0,0,-22,-22,-47,-47,-60,-8,-181,-188,-227,-227,-227,-117,-227,-197,-227,-218,-215,-216,-227,-214,-188,-23,-50,-53,-22,-22,-59,-30,-66,0,0,0,0,0,0,0,0,0,0,0,0,0,0,0,0,0,0,0,0,0,0]} 1. d4 Nf6 2. c4 g6 3. Nc3 Bg7 4. e4 d6 5. Be2 O-O 6. Bg5 Nbd7 7. Nf3 e5 8. O-O h6 9. Be3 Re8 {E94: King's Indian: Classical: 6 Be2 e5 7 0-0: Various Black 7th moves} (9... Ng4 10. Bc1 c6 11. d5 cxd5 12. cxd5 f5 13. g3 Ngf6 14. Nh4 Nxe4 15. Nxe4 fxe4 16. Nxg6 Rf7 17. Bg4 {1-0 (36) Sandipan,C (2575)-Hausrath,D (2482) Dieren 2017}) 10. d5 Ng4 11. Bd2 f5 {White is slightly better.} 12. g3 Ngf6 13. Nh4 Nc5 $146 ({Predecessor:} 13... Nf8 14. exf5 gxf5 15. Bd3 e4 16. Be2 Qe7 17. Bf4 {1-0 (34) Chekhelian,S-Petrosian,A Balti 1969}) 14. exf5 g5 15. Ng2 Bxf5 16. h4 Nfe4 17. Nxe4 Nxe4 18. Be3 Qd7 19. Bd3 $36 {[%mdl 2048] White has some pressure.} Nc5 20. Bxf5 Qxf5 21. hxg5 hxg5 22. Bxc5 $1 dxc5 23. Qh5 e4 24. Ne3 Qf3 25. Ng4 Bd4 {next ...Qxg3+ is good for Black.} 26. Qxg5+ Kf8 27. Nh6 (27. Nh2 $1 $16 {[%cal Rh2f3]} Qf6 28. Qxf6+ Bxf6 29. Ng4) 27... Re5 $1 $11 {[%cal Re5g5]} 28. Qg8+ Ke7 29. Qg7+ Ke8 30. Rae1 e3 $1 {[%cal Re3f2]} 31. fxe3 Bxe3+ 32. Rxe3 Qxe3+ 33. Kg2 {[%csl Gg7][%cal Rf1f8]} Qe2+ 34. Rf2 Qe4+ 35. Rf3 Qe2+ 36. Kh3 {[%csl Gg7][%cal Rf3f8]} Qxf3 {[%cal Re5h5]} 37. Qxe5+ {[%mdl 4096] Endgame KQR-KQN} Kf8 $1 38. Nf5 {White threatens Qg7+ and mate.} ({Don't do} 38. Qh8+ $6 Ke7 $16) 38... Qh5+ 39. Kg2 {Intending Qg7+ and mate.} Qg5 40. d6 cxd6 41. Qh8+ Qg8 42. Qf6+ Qf7 43. Qxd6+ Ke8 44. Qxc5 Qf6 45. Kh3 Rd8 46. Kg4 Rd7 47. Qxa7 Qxb2 48. Qe3+ Kd8 49. Qg5+ Kc7 50. Qf4+ Kc6 51. Qe4+ Kc5 52. Qe3+ Kc6 $1 53. Ne7+ Kc7 $1 54. Nd5+ Kd6 55. Qh6+ Kc5 {aiming for ...Qg7+.} 56. Qf8+ Rd6 $1 {[%mdl 1024] Black has compensation.} 57. Nf4 {Nd3+ is the strong threat.} Qd4 (57... Qb6 $1 $15) 58. Qc8+ $2 (58. Kf3 $1 $11 {and White stays safe.} Qxc4 59. Qc8+ Kb4 60. Qxb7+ Ka3 61. Qa8+ Ra6 62. Qe4 Qc3+ 63. Nd3) 58... Kb6 $19 59. Qg8 Rc6 60. Qd5 Qg7+ (60... Rxc4 $19 {( -> ...Qxd5)} 61. Qxd4+ Rxd4) 61. Qg5 (61. Kf5 $17) 61... Qd7+ 62. Qf5 {[#]} Qd1+ $1 63. Kg5 Rxc4 64. Nd5+ Ka7 65. Qf2+ {[#]} Rd4 $2 (65... Qd4 $1 $19 {[%cal Rd4f2]} 66. Qxd4+ Rxd4) 66. Qe3 $11 Qd2 67. Kf5 $1 Qxe3 68. Nxe3 {KR-KN} Rd3 69. Ke4 Ra3 (69... Rd6 $1 $15 70. Kf5 Kb8) 70. g4 {The position is equal.} Rxa2 {Threatens to win with ...b5.} 71. g5 Kb6 72. g6 Kc5 73. g7 Ra8 {And now ...Rg8 would win.} 74. Ke5 b5 75. Kf6 Kd4 76. Nc2+ Kc3 77. Ne3 {Black must now prevent Nd5+.} Kd3 78. Nd5 {Strongly threatening Nc7.} Rg8 79. Kf7 Rxg7+ 80. Kxg7 {Accuracy: White = 63%, Black = 64%.} 1/2-1/2

[Event "9th HDBank Open 2019"]
[Site "Ho Chi Minh City"]
[Date "2019.03.13"]
[Round "9.22"]
[White "Nasanjargal, Urtnasan"]
[Black "Sammed Jaykumar, Shete"]
[Result "0-1"]
[WhiteElo "2503"]
[BlackElo "2387"]
[Annotator "TA"]
[PlyCount "84"]
[EventDate "2019.03.07"]
[EventType "swiss"]
[EventCountry "VIE"]
[SourceTitle "playchess.com"]
[Source "ChessBase"]
[SourceQuality "1"]

{[%evp 23,84,31,41,17,10,0,21,0,0,0,14,0,0,0,0,0,24,0,-7,-34,-23,-27,-23,-42,-34,-20,-21,-16,-32,-20,-24,-99,-102,-94,-104,-128,-122,-193,-198,-227,-203,-491,-505,-608,-676,-1055,-1055,-1018,-968,-1039,-1031,-29990,-1032,-1024,-1016,-1010,-1008,-985,-974,-1079,-1083,-1067,-1050]} 1. Nf3 Nf6 2. d4 g6 3. g3 Bg7 4. Bg2 O-O 5. c4 d6 6. O-O Nbd7 7. Nc3 e5 8. e4 c6 9. h3 Qb6 10. Re1 exd4 11. Nxd4 Re8 12. Nc2 Nc5 13. Rb1 {E69: King's Indian: Fianchetto: 6...Nbd7 7 0-0 e5 8 e4 c6 9 h3} ({Reject} 13. Qxd6 Rd8 $17) (13. b4 Ncd7 14. Qxd6 Ne5 15. c5 Qa6 16. Bf4 Nh5 17. Bf1 Nc4 18. Qd3 Bxh3 19. Bxh3 Rad8 20. Nd5 Nxf4 21. gxf4 Bxa1 22. Rxa1 cxd5 23. exd5 {0-1 (36) Laznicka,V (2675)-Rapport,R (2713) Novy Bor 2014}) 13... Ng4 14. hxg4 Bxc3 $1 15. Rf1 {The position is equal.} (15. Re3 {feels hotter.} Bg7 16. b3 Be6 17. Bd2 a5 18. Bc3) 15... Bg7 $146 ({Predecessor:} 15... Be5 16. b3 a5 17. Be3 Qc7 18. f4 Bg7 19. e5 Bf8 20. Bxc5 dxc5 {0-1 (46) Colas,J (2352)-Shen,C (2206) Chicago 2017}) 16. Be3 {aiming for b4.} Qc7 (16... Qa6 {with more complications.} 17. Qxd6 Bf8 18. Qf6 Bg7 19. Qd6) 17. f3 b6 18. Bf2 Bb7 19. Ne3 Rad8 20. Qc2 Ne6 21. Rbd1 Nd4 $36 {[%mdl 2048] Black has good play.} 22. Qd3 d5 23. cxd5 cxd5 24. exd5 Bxd5 25. Nxd5 Rxd5 26. Rfe1 Red8 27. f4 {[#]} (27. Kh2 $11 {keeps the balance.}) 27... R5d6 $1 $17 28. Rc1 Qd7 29. Qd1 Ne6 30. Qb3 (30. Qf3 $17) 30... Rd3 $19 31. Qb4 Nc5 32. Bf1 $2 {[#]} (32. Rc2) 32... Bd4 $1 {[%cal Rd4f2]} (32... Rd2 33. g5 $17) 33. Bxd4 {Hoping for Bf2.} Rxg3+ (33... Rxd4 34. Rc4 $17) ({Weaker is} 33... Qxd4+ 34. Qxd4 R3xd4 35. g5 $11) 34. Kh2 Qxg4 35. Bf6 {[#]} g5 $1 {[%mdl 512]} 36. Bxg5 {[#]} (36. fxg5 Rd2+) 36... Rdd3 $1 {[%mdl 512]} 37. Re8+ (37. Bxd3 Qh3#) 37... Kg7 {( -> ...Rh3+!)} 38. Qc3+ {Black is clearly winning.} Rxc3 39. Rxc3 Rxc3 40. bxc3 h6 41. Re5 f6 42. Bh3 Qf3 {Accuracy: White = 37%, Black = 94%.} ({Less strong is} 42... hxg5 43. Bxg4 fxe5 44. fxe5 $17) 0-1